000 00689nam a22001937a 4500
005 20150124124710.0
008 130628t mx ||||| |||| 00| 0 spa d
020 _a9789708102803
050 0 4 _aHQ755.83
_bC43 2008
100 1 _aChávez, Martha Alicia,
245 1 0 _aHijos tiranos o débiles dependientes
_b: el drama del hijo sobreprotegido
_c/ Martha Alicia Chávez
250 _a11a.reimp.
260 _aMéxico, D.F. :
_bGrijalbo,
_cc2008
300 _a156p.;
_c23cm.
650 4 _aPadres de familia -- Actitudes
_xPaternidad (Psicología) -- Aspectos psicológicos
650 4 _aPadres e hijos, Relaciones
_xHijos -- Actitudes
650 4 _aAutoridad paterna
942 _2ddc
_cLIB
999 _c38730
_d38730